Ethernet networking for the small office and professional home office

Bibliographic Details
Main Author: Harrington, Jan L. (Author)
Format: Book
Language:English
Published: Burlington, Massachusetts : Morgan Kaufmann Publishers/Elsevier , c2007
Subjects:
Online Access:http://www.loc.gov/catdir/toc/ecip0714/2007010951.html
http://www.loc.gov/catdir/enhancements/fy0710/2007010951-d.html

MARC

LEADER 00000cam a2200000 7i4500
001 0000057430
005 20090520093000.0
008 070320s2007 mau eng
020 |a 0123737443 (alk. paper) 
020 |a 9780123737441 (alk. paper) 
090 0 0 |a TK5105.8.E83   |b H273 2007 
100 1 |a Harrington, Jan L. ,   |e author 
245 1 0 |a Ethernet networking for the small office and professional home office   |c Jan L. Harrington 
260 |a Burlington, Massachusetts :   |b Morgan Kaufmann Publishers/Elsevier ,   |c c2007 
300 |a xi, 340 p. :   |b ill. ;   |c 24 cm. 
504 |a Includes bibliographical references and index 
650 0 |a Business enterprises   |x Computer networks 
650 0 |a Ethernet (Local area network system) 
650 0 |a Home offices 
856 4 1 |a Table of contents only   |u http://www.loc.gov/catdir/toc/ecip0714/2007010951.html 
856 4 2 |a Publisher description   |u http://www.loc.gov/catdir/enhancements/fy0710/2007010951-d.html 
999 |a 1000118686   |b Book   |c OPEN SHELF (30 DAYS)   |e Tembila Campus